Manejo de Fauna Silvestre en la Argentina : (Registro nro. 8585)
[ vista simple ]
| 000 -CABECERA | |
|---|---|
| Campo de control | 00881nam a22002417a 4500 |
| 005 - FECHA Y HORA DE LA ULTIMA TRANSACCION | |
| Campo de control | 20150818114251.0 |
| 008 - ELEMENTOS DE LONGITUD FIJA—INFORMACION GENERAL | |
| Campo de control | 140801b2006 ag ||||| |||| 00| 0 spa d |
| 020 ## - ISBN | |
| ISBN | 9503800226 |
| 040 ## - FUENTE DE CATALOGACIÓN | |
| Agencia catalogadora original | CO-BoIAVH |
| Agencia transcriptora | CO-BoIAVH |
| 041 ## - IDIOMA | |
| Código de idioma para texto/pista de sonido o título separado | Español |
| 044 ## - PAÍS DE PUBLICACIÓN | |
| País de publicación | Argentina |
| 082 04 - NUMERO DE CLASIFICACION DECIMAL DEWEY | |
| Número de clasificación | 639.82 |
| Número del ítem | B68m |
| 245 ## - MENCION DE TITULO | |
| Título | Manejo de Fauna Silvestre en la Argentina : |
| Parte restante del título | Programas de uso sustentable |
| Mención de responsabilidad | María Luisa Bolkovic y Daniel Ramadori (Eds). |
| 260 ## - PUBLICACION, DISTRIBUCION, ETC. (PIE DE IMPRENTA) | |
| Lugar de publicación, distribución, etc. | Buenos Aires : |
| Nombre del editor, distribuidor, etc. | Ministerio de Salud y Ambiente de la Nación, |
| Fecha de publicación, distribución, etc. | 2006. |
| 300 ## - DESCRIPCION FISICA | |
| Extensión | 168 p. |
| Otros detalles físicos | Il.,mapas, tablas, fot. (col) |
| Dimensiones | 29 cm. |
| 504 ## - NOTA DE BIBLIOGRAFIA, ETC. | |
| Nota de bibliografía | Incluye referencias bibliográficas. |
| 650 #4 - ASIENTO SECUNDARIO DE MATERIA - TERMINO TEMATICO | |
| Término temático o nombre geográfico como elemento de entrada | Fauna silvestre |
| Subdivisión geográfica | Argentina |
| 9 (RLIN) | 37079 |
| 650 #4 - ASIENTO SECUNDARIO DE MATERIA - TERMINO TEMATICO | |
| Término temático o nombre geográfico como elemento de entrada | Industria de la carne |
| Subdivisión geográfica | Argentina |
| 9 (RLIN) | 37080 |
| 700 1# - ASIENTO SECUNDARIO - NOMBRE PERSONAL | |
| Nombre personal | Bolkovic, María Luisa |
| Término de relación | ed. |
| 9 (RLIN) | 25322 |
| 700 1# - ASIENTO SECUNDARIO - NOMBRE PERSONAL | |
| Nombre personal | Ramadori, Daniel |
| Término de relación | ed. |
| 9 (RLIN) | 25323 |
| 700 1# - ASIENTO SECUNDARIO - NOMBRE PERSONAL | |
| Nombre personal | Biagioli,Marta |
| Término de relación | Il. |
| 9 (RLIN) | 25324 |
| 942 ## - ELEMENTOS ADICIONALES (KOHA) | |
| Sistema de clasificación | Dewey Decimal Classification |
| Tipo de ítem | Libro |
| Withdrawn status | Lost status | Sistema de Clasificación | Damaged status | No para préstamo | Colección | Inventariado | Ubicación Permanente | Ubicación actual | Fecha de adquisición | Fuente de Valor | Total Checkouts | Número topográfico | Inventario / Código de Barras | Date last seen | Ejemplar | Price effective from | Tipo de material | Forma de adquisición |
|---|---|---|---|---|---|---|---|---|---|---|---|---|---|---|---|---|---|---|
| Dewey Decimal Classification | General | Inventariado 2017 | Bogotá | Bogotá | 01/08/2014 | Amazon | LB-639.82 B68m | 034393 | 01/08/2014 | Ej. 1 | 01/08/2014 | Libro | ||||||
| Dewey Decimal Classification | General | Inventariado 2017 | Bogotá | Bogotá | 25/08/2015 | Amazon | LB-639.82 B68m | 035178 | 25/08/2015 | Ej. 3 | 25/08/2015 | Libro | ||||||
| Dewey Decimal Classification | General | Inventariado 2017 | Sala Fabio Quevedo | Sala Fabio Quevedo | 18/08/2015 | Amazon | LB-639.82 B68m | 035170 | 18/08/2015 | Ej. 2 | 18/08/2015 | Libro |